[Event "ENG-ch Senior Over 65"]
[Site "Kenilworth"]
[Date "2025.04.25"]
[Round "2.6"]
[White "Moore, Geoffrey R"]
[Black "Donnelly, Michael J"]
[Result "1/2-1/2"]
[WhiteElo "1983"]
[BlackElo "1913"]
[PlyCount "188"]
[EventDate "2025.04.24"]
[EventType "swiss"]
[EventRounds "7"]
[EventCountry "ENG"]
[SourceTitle "BritBase"]
[Source "John Saunders"]
[SourceDate "1997.08.31"]
[SourceVersion "1"]
[SourceVersionDate "1997.08.31"]
[SourceQuality "1"]

1. e4 c5 2. Nf3 Nc6 3. d4 cxd4 4. Nxd4 g6 5. c4 Nf6 6. Nc3 d6 7. f3 Nxd4 8. Qxd4 Bg7 9. Be3 O-O 10. Qd2 Be6 11. Rc1 Qa5 12. Be2 Rfc8 13. b3 a6 14. Nd5 Qxd2+ 15. Kxd2 Nxd5 16. cxd5 Bd7 17. Rxc8+ Rxc8 18. Rc1 Rxc1 19. Kxc1 Kf8 20. Bb6 e6 21. Bc4 Ke7 22. Kd2 exd5 23. Bxd5 Bc6 24. Bxc6 bxc6 25. Kd3 Kd7 26. Kc4 Kc8 27. a4 Kb7 28. Be3 Bf6 29. Bf4 Be7 30. g4 Kc7 31. Be3 Bh4 32. b4 Be1 33. Bd4 Bd2 34. Bc3 Be3 35. h3 Bf2 36. Bd2 Bh4 37. f4 Be7 38. f5 Bh4 39. Bc3 Bg3 40. Kd3 Bf4 41. Bd2 Be5 42. Ke3 Bh2 43. Kf3 Be5 44. Be1 Bb2 45. Ke3 Be5 46. Kd3 Bf4 47. Bc3 Bg5 48. e5 dxe5 49. Bxe5+ Kd7 50. Kc4 Be7 51. Bd4 Bd6 52. Bc5 Bg3 53. Kd3 Be1 54. a5 Bh4 55. Bf8 Bf6 56. Kc4 Kc7 57. Kd3 Kd7 58. Ke4 Bc3 59. Kf4 Bd2+ 60. Ke5 Bc3+ 61. Ke4 Bd2 62. h4 Be1 63. h5 Bd2 64. Kd3 Be1 65. Kc4 Bf2 66. Bc5 Bg3 67. Bd4 Bd6 68. Bc3 Kc7 69. Kd4 Bg3 70. Ke4 Kd6 71. Bd4 Be1 72. Bc5+ Kd7 73. Ke3 Bc3 74. Kd3 Be1 75. Kc4 Bg3 76. Bf8 Bf2 77. Bg7 Kc7 78. Bc3 Bg1 79. Kd3 Bh2 80. Ke4 Kd6 81. Bd4 Bg3 82. Be3 Be1 83. Bc5+ Kd7 84. Kd4 Bd2 85. Kc4 Be1 86. Bf8 Bf2 87. Bg7 Kc7 88. Bd4 Bg3 89. Bb6+ Kd7 90. Be3 Be5 91. Bd2 Bd6 92. Kd4 Bg3 93. Ke4 Bd6 94. Bc3 Bh2 1/2-1/2

[Event "ENG-ch Senior Over 65"]
[Site "Kenilworth"]
[Date "2025.04.25"]
[Round "2.7"]
[White "Bellers, Chris JV"]
[Black "Dilleigh, Stephen P"]
[Result "0-1"]
[WhiteElo "1926"]
[BlackElo "2024"]
[PlyCount "78"]
[EventDate "2025.04.24"]
[EventType "swiss"]
[EventRounds "7"]
[EventCountry "ENG"]
[SourceTitle "BritBase"]
[Source "John Saunders"]
[SourceDate "1997.08.31"]
[SourceVersion "1"]
[SourceVersionDate "1997.08.31"]
[SourceQuality "1"]

1. c4 e6 2. g3 d5 3. Nf3 dxc4 4. Bg2 Nf6 5. O-O a6 6. Qc2 c5 7. Ne5 Ra7 8. a4 b6 9. Qxc4 Bb7 10. Bxb7 Rxb7 11. Na3 Qd5 12. f4 Qxc4 13. Naxc4 Nfd7 14. b3 f6 15. Nxd7 Nxd7 16. Bb2 Be7 17. e3 O-O 18. d4 b5 19. Na5 Rc7 20. Rfc1 Rfc8 21. axb5 axb5 22. h3 cxd4 23. exd4 Bb4 24. Nb7 Rxc1+ 25. Rxc1 Rxc1+ 26. Bxc1 Bc3 27. Be3 Kf8 28. Nd6 b4 29. Kf1 Nb6 30. Ke2 Nd5 31. Kd3 Be1 32. g4 Ke7 33. Ne4 f5 34. gxf5 exf5 35. Nc5 Bg3 36. Bd2 Bxf4 37. Kc4 Nb6+ 38. Kb5 Bxd2 39. Kxb6 Kd6 0-1

[Event "ENG-ch Senior Over 65"]
[Site "Kenilworth"]
[Date "2025.04.25"]
[Round "2.8"]
[White "Bonafont, Philip R"]
[Black "Habershon, Paul F"]
[Result "1/2-1/2"]
[WhiteElo "1976"]
[BlackElo "1936"]
[PlyCount "109"]
[EventDate "2025.04.24"]
[EventType "swiss"]
[EventRounds "7"]
[EventCountry "ENG"]
[SourceTitle "BritBase"]
[Source "John Saunders"]
[SourceDate "1997.08.31"]
[SourceVersion "1"]
[SourceVersionDate "1997.08.31"]
[SourceQuality "1"]

1. e4 Nf6 2. e5 Nd5 3. d4 d6 4. c4 Nb6 5. exd6 exd6 6. Nf3 Be7 7. Nc3 Bg4 8. Be2 O-O 9. O-O Nc6 10. b3 d5 11. c5 Nc8 12. h3 Bh5 13. b4 a6 14. g4 Bg6 15. Qb3 Be4 16. Be3 Bf6 17. Rfd1 h6 18. a4 N8e7 19. b5 axb5 20. axb5 Rxa1 21. Rxa1 Bxf3 22. bxc6 Bxe2 23. Nxe2 bxc6 24. Ra7 Qd7 25. Bf4 Qe6 26. Qe3 Ng6 27. Bxc7 Re8 28. Qxe6 Rxe6 29. Kf1 Nh4 30. Ra3 Re7 31. Bg3 Rb7 32. f3 Rb1+ 33. Kf2 Rd1 34. Ra8+ Kh7 35. Rc8 Rd3 36. Rxc6 Rxf3+ 37. Ke1 Ng2+ 38. Kd2 Bxd4 39. Nxd4 Rxg3 40. Ne2 Rxh3 41. Rd6 Ne3 42. Rd7 Nc4+ 43. Ke1 Ne5 44. Rxd5 Nd3+ 45. Kd2 Nxc5 46. Rxc5 Rh4 47. Rf5 f6 48. Rf4 h5 49. gxh5 Rxf4 50. Nxf4 Kh6 51. Ke3 Kg5 52. Kf3 Kh4 53. Ke3 Kg4 54. Ke4 Kg5 55. Kf3 1/2-1/2

[Event "ENG-ch Senior Over 65"]
[Site "Kenilworth"]
[Date "2025.04.25"]
[Round "2.9"]
[White "Page, Mark Edward"]
[Black "Tucker, David S"]
[Result "0-1"]
[WhiteElo "2049"]
[BlackElo "1904"]
[PlyCount "60"]
[EventDate "2025.04.24"]
[EventType "swiss"]
[EventRounds "7"]
[EventCountry "ENG"]
[SourceTitle "BritBase"]
[Source "John Saunders"]
[SourceDate "1997.08.31"]
[SourceVersion "1"]
[SourceVersionDate "1997.08.31"]
[SourceQuality "1"]

1. e4 c5 2. Nf3 Nc6 3. Bb5 Nf6 4. Bxc6 dxc6 5. d3 Bg4 6. h3 Bxf3 7. Qxf3 Qc7 8. Nd2 e6 9. Nc4 Be7 10. Bf4 Qd8 11. a4 O-O 12. O-O b5 13. Ne5 Qc8 14. c3 Nd7 15. d4 Nxe5 16. Bxe5 f6 17. Bg3 cxd4 18. cxd4 Qd7 19. axb5 cxb5 20. Rfd1 a5 21. Qe2 a4 22. f3 Rfc8 23. d5 Bc5+ 24. Bf2 e5 25. Rdc1 Bxf2+ 26. Kxf2 b4 27. Kg3 f5 28. exf5 Qxf5 29. Rxc8+ Rxc8 30. Qd2 Qg6+ 0-1

[Event "ENG-ch Senior Over 65"]
[Site "Kenilworth"]
[Date "2025.04.25"]
[Round "2.10"]
[White "Leeson, Chris JP"]
[Black "Jackson, Sheila"]
[Result "1-0"]
[WhiteElo "1750"]
[BlackElo "2031"]
[PlyCount "83"]
[EventDate "2025.04.24"]
[EventType "swiss"]
[EventRounds "7"]
[EventCountry "ENG"]
[SourceTitle "BritBase"]
[Source "John Saunders"]
[SourceDate "1997.08.31"]
[SourceVersion "1"]
[SourceVersionDate "1997.08.31"]
[SourceQuality "1"]

1. d4 Nf6 2. e3 d5 3. Bd3 b6 4. Nd2 Bb7 5. f4 e6 6. Ngf3 Nbd7 7. O-O Be7 8. Ne5 O-O 9. Qf3 c5 10. c3 Qc8 11. g4 Ba6 12. Bxa6 Qxa6 13. Nc6 Bd8 14. Nxd8 Raxd8 15. g5 Ne8 16. h4 Qd3 17. Rf2 Nd6 18. Qe2 Qxe2 19. Rxe2 f5 20. Kg2 Kf7 21. Nf3 Kg6 22. Bd2 Ne4 23. Rh1 Kh5 24. Be1 c4 25. Nd2 b5 26. Nxe4 dxe4 27. Kg3 Nb6 28. Rc2 Rc8 29. Bd2 Rf7 30. Rhc1 a5 31. b3 Rfc7 32. Rb2 cxb3 33. axb3 Nd5 34. c4 bxc4 35. Bxa5 c3 36. Rbc2 Nxe3 37. Rxc3 Rxc3 38. Rxc3 Rxc3 39. Bxc3 Nd5 40. Be1 Nc7 41. Bc3 Nb5 42. Bb2 1-0

[Event "ENG-ch Senior Over 65"]
[Site "Kenilworth"]
[Date "2025.04.25"]
[Round "2.11"]
[White "Wynarczyk, Raymond"]
[Black "Clark, Robert G"]
[Result "1/2-1/2"]
[WhiteElo "1813"]
[BlackElo "2072"]
[PlyCount "72"]
[EventDate "2025.04.24"]
[EventType "swiss"]
[EventRounds "7"]
[EventCountry "ENG"]
[SourceTitle "BritBase"]
[Source "John Saunders"]
[SourceDate "1997.08.31"]
[SourceVersion "1"]
[SourceVersionDate "1997.08.31"]
[SourceQuality "1"]

1. e4 e6 2. d4 d5 3. Nc3 Bb4 4. e5 Ne7 5. a3 Bxc3+ 6. bxc3 c5 7. a4 Nbc6 8. Nf3 Qa5 9. Qd2 f6 10. Bb5 Bd7 11. Ba3 cxd4 12. cxd4 fxe5 13. Bxe7 Qxd2+ 14. Kxd2 Nxe7 15. Bxd7+ Kxd7 16. Nxe5+ Kc7 17. Rhb1 Rhf8 18. f3 g5 19. Rb3 Nf5 20. c3 h5 21. Rab1 Nd6 22. Rb4 g4 23. fxg4 Rf2+ 24. Ke3 Rxg2 25. R1b2 Rxb2 26. Rxb2 hxg4 27. Rg2 Rh8 28. Nxg4 Rh3+ 29. Kf4 Rxc3 30. Ke5 Nf5 31. Kxe6 Nxd4+ 32. Kxd5 Nb3 33. Nf6 Rc5+ 34. Ke6 Nd4+ 35. Kf7 Nf3 36. Rf2 Ng5+ 1/2-1/2

[Event "ENG-ch Senior Over 65"]
[Site "Kenilworth"]
[Date "2025.04.25"]
[Round "2.12"]
[White "O'Gorman, Brendan"]
[Black "Waters, Andrew C"]
[Result "1/2-1/2"]
[WhiteElo "1681"]
[BlackElo "1841"]
[PlyCount "37"]
[EventDate "2025.04.24"]
[EventType "swiss"]
[EventRounds "7"]
[EventCountry "ENG"]
[SourceTitle "BritBase"]
[Source "John Saunders"]
[SourceDate "1997.08.31"]
[SourceVersion "1"]
[SourceVersionDate "1997.08.31"]
[SourceQuality "1"]

1. Nf3 f5 2. d3 Nf6 3. e4 d6 4. exf5 Bxf5 5. d4 e6 6. Nc3 Be7 7. Nh4 O-O 8. Nxf5 exf5 9. Bd3 g6 10. O-O Nbd7 11. Bh6 Rf7 12. Bc4 c6 13. Bxf7+ Kxf7 14. Re1 Ng4 15. Qd2 Nxh6 16. Qxh6 Kg8 17. Qe3 Bf8 18. Qe6+ Kg7 19. Rad1 1/2-1/2

[Event "ENG-ch Senior Over 65"]
[Site "Kenilworth"]
[Date "2025.04.25"]
[Round "2.13"]
[White "Hall, Alan A"]
[Black "Erdogan, Hassan"]
[Result "1-0"]
[WhiteElo "1780"]
[BlackElo "1806"]
[PlyCount "69"]
[EventDate "2025.04.24"]
[EventType "swiss"]
[EventRounds "7"]
[EventCountry "ENG"]
[SourceTitle "BritBase"]
[Source "John Saunders"]
[SourceDate "1997.08.31"]
[SourceVersion "1"]
[SourceVersionDate "1997.08.31"]
[SourceQuality "1"]

1. d4 d6 2. Nf3 Nd7 3. Bf4 c5 4. e3 cxd4 5. exd4 Ngf6 6. Bd3 e6 7. O-O Be7 8. c4 O-O 9. h3 b6 10. Nc3 Re8 11. Re1 Bb7 12. a4 Nf8 13. b4 Ng6 14. Bh2 Rc8 15. a5 a6 16. Qe2 b5 17. c5 dxc5 18. dxc5 Nd5 19. Nxd5 Bxd5 20. Be4 Bf6 21. Rac1 Bxe4 22. Qxe4 Qd5 23. Qxd5 exd5 24. Rxe8+ Rxe8 25. c6 Rc8 26. c7 Ne7 27. Rc5 Kf8 28. g4 g5 29. Kf1 Ke8 30. Ke2 h6 31. Kd3 Kd7 32. Ne5+ Ke6 33. Nc6 Nxc6 34. Rxc6+ Ke7 35. Rxa6 1-0

[Event "ENG-ch Senior Over 65"]
[Site "Kenilworth"]
[Date "2025.04.25"]
[Round "2.14"]
[White "Johnson, Richard J"]
[Black "Morrish, John"]
[Result "1-0"]
[WhiteElo "1868"]
[BlackElo "1786"]
[PlyCount "61"]
[EventDate "2025.04.24"]
[EventType "swiss"]
[EventRounds "7"]
[EventCountry "ENG"]
[SourceTitle "BritBase"]
[Source "John Saunders"]
[SourceDate "1997.08.31"]
[SourceVersion "1"]
[SourceVersionDate "1997.08.31"]
[SourceQuality "1"]

1. e4 e5 2. Nf3 Nf6 3. Nxe5 d6 4. Nxf7 Kxf7 5. d4 Be7 6. Bc4+ Be6 7. Bxe6+ Kxe6 8. O-O Kd7 9. e5 Kc8 10. exf6 Bxf6 11. Be3 Nd7 12. Nc3 h6 13. Qd3 Rf8 14. Ne4 g5 15. c4 Be7 16. Rac1 c6 17. b4 Qc7 18. Rfd1 Nf6 19. Nxf6 Rxf6 20. d5 Kd7 21. Bd4 Rff8 22. Qh3+ Kd8 23. Re1 Bf6 24. Qxh6 Qf7 25. Bxf6+ Qxf6 26. Qxf6+ Rxf6 27. dxc6 bxc6 28. Re4 Kd7 29. Rce1 Rf7 30. a4 Raf8 31. f3 1-0

[Event "ENG-ch Senior Over 65"]
[Site "Kenilworth"]
[Date "2025.04.25"]
[Round "2.15"]
[White "Collins, Nigel"]
[Black "Pickersgill, Adrian O"]
[Result "1/2-1/2"]
[WhiteElo "1577"]
[BlackElo "1940"]
[PlyCount "62"]
[EventDate "2025.04.24"]
[EventType "swiss"]
[EventRounds "7"]
[EventCountry "ENG"]
[SourceTitle "BritBase"]
[Source "John Saunders"]
[SourceDate "1997.08.31"]
[SourceVersion "1"]
[SourceVersionDate "1997.08.31"]
[SourceQuality "1"]

1. c4 e5 2. Nc3 d6 3. g3 Nf6 4. Bg2 c6 5. e4 Be7 6. Nge2 Na6 7. d3 O-O 8. O-O Bd7 9. h3 Nc7 10. f4 a5 11. f5 h6 12. g4 Nh7 13. Be3 Na6 14. Qd2 Bg5 15. Kh2 Nb4 16. Rac1 Bxe3 17. Qxe3 Qg5 18. Qxg5 hxg5 19. Rcd1 Nc2 20. Rd2 Nd4 21. Nxd4 exd4 22. Ne2 c5 23. Kg3 Bc6 24. Rh1 f6 25. h4 Kf7 26. hxg5 Nxg5 27. Nf4 Rh8 28. Ng6 Rxh1 29. Bxh1 Rc8 30. Rh2 b5 31. b3 b4 1/2-1/2

[Event "ENG-ch Senior Over 65"]
[Site "Kenilworth"]
[Date "2025.04.25"]
[Round "2.16"]
[White "Goodwin, Ed H"]
[Black "Morris, Nigel W"]
[Result "1/2-1/2"]
[WhiteElo "1876"]
[BlackElo "1611"]
[PlyCount "142"]
[EventDate "2025.04.24"]
[EventType "swiss"]
[EventRounds "7"]
[EventCountry "ENG"]
[SourceTitle "BritBase"]
[Source "John Saunders"]
[SourceDate "1997.08.31"]
[SourceVersion "1"]
[SourceVersionDate "1997.08.31"]
[SourceQuality "1"]

1. d4 Nf6 2. Nf3 c5 3. d5 d6 4. Nc3 e5 5. e4 Be7 6. Be2 Na6 7. O-O Nc7 8. a4 a6 9. Nd2 O-O 10. a5 Bd7 11. Nc4 Nb5 12. Nxb5 Bxb5 13. Nb6 Bxe2 14. Qxe2 Rb8 15. f4 exf4 16. Bxf4 Nd7 17. Nc4 Nf6 18. Rad1 Ne8 19. Qe3 f6 20. Rf3 g5 21. Bg3 Rf7 22. Rdf1 Rg7 23. Rf5 Rc8 24. Nb6 Rc7 25. Nc4 Rg6 26. Qe2 Bf8 27. Be1 Ng7 28. R5f2 Be7 29. Bc3 Rd7 30. Nb6 Rc7 31. Nc4 Rd7 32. Ne3 Rc7 33. Re1 Qe8 34. Ref1 Qd8 35. Re1 Qe8 36. Ref1 Qd8 37. Nf5 Nxf5 38. Rxf5 Kg7 39. Qg4 h6 40. Qf3 Rd7 41. Qf2 Rc7 42. Qe2 Rd7 43. Qh5 Qe8 44. Qf3 Qd8 45. Qh3 Rc7 46. Qf3 Rd7 47. Qe2 Rc7 48. R5f2 Rd7 49. Qf3 Qf8 50. Qf5 Rd8 51. Qe6 h5 52. Qh3 h4 53. Qd3 Rd7 54. Rd1 Qd8 55. Rf5 Rc7 56. Rdf1 Rd7 57. Qe3 Rc7 58. Rxg5 Qe8 59. Rxg6+ Qxg6 60. Qf4 Bd8 61. e5 dxe5 62. Bxe5 Rf7 63. Bc3 Qxc2 64. Qxh4 Qd3 65. Qg5+ Qg6 66. Qxg6+ Kxg6 67. Rd1 Rd7 68. Kf1 Be7 69. Ke2 Bd6 70. g3 Rh7 71. Kf3 Rxh2 1/2-1/2

[Event "ENG-ch Senior Over 65"]
[Site "Kenilworth"]
[Date "2025.04.25"]
[Round "2.17"]
[White "Clarke, Duncan"]
[Black "Neatherway, A Philip"]
[Result "0-1"]
[WhiteElo "1541"]
[BlackElo "1761"]
[PlyCount "78"]
[EventDate "2025.04.24"]
[EventType "swiss"]
[EventRounds "7"]
[EventCountry "ENG"]
[SourceTitle "BritBase"]
[Source "John Saunders"]
[SourceDate "1997.08.31"]
[SourceVersion "1"]
[SourceVersionDate "1997.08.31"]
[SourceQuality "1"]

1. d4 Nf6 2. Nf3 g6 3. e3 Bg7 4. Bd3 d5 5. b3 O-O 6. Bb2 c5 7. O-O cxd4 8. exd4 Nc6 9. Nbd2 Nb4 10. Be2 Bf5 11. c3 Nd3 12. Bxd3 Bxd3 13. Re1 Rc8 14. Ne5 Bf5 15. h3 Nd7 16. Ndf3 Nxe5 17. Nxe5 f6 18. Nf3 Re8 19. Nh4 Bd7 20. Qd2 Qb6 21. Nf3 a5 22. Rab1 Bf5 23. Ra1 a4 24. Qd1 e5 25. dxe5 fxe5 26. g4 Bd7 27. Rb1 axb3 28. axb3 Bc6 29. Ba3 d4 30. cxd4 exd4 31. Rxe8+ Rxe8 32. Nd2 Qa5 33. Nc4 Qd5 34. f3 Qxf3 35. Qxf3 Bxf3 36. Nd2 Bd5 37. Bd6 Re2 38. Nc4 d3 39. Bf4 Bd4+ 0-1

[Event "ENG-ch Senior Over 65"]
[Site "Kenilworth"]
[Date "2025.04.25"]
[Round "2.18"]
[White "Kenning, Paul H"]
[Black "Carpenter, David J"]
[Result "1-0"]
[WhiteElo "1771"]
[BlackElo "1624"]
[PlyCount "91"]
[EventDate "2025.04.24"]
[EventType "swiss"]
[EventRounds "7"]
[EventCountry "ENG"]
[SourceTitle "BritBase"]
[Source "John Saunders"]
[SourceDate "1997.08.31"]
[SourceVersion "1"]
[SourceVersionDate "1997.08.31"]
[SourceQuality "1"]

1. e4 g6 2. d4 Bg7 3. Nc3 d6 4. Nf3 Bg4 5. Be2 Nd7 6. Be3 Ngf6 7. Qd2 O-O 8. O-O-O c5 9. h3 Bxf3 10. Bxf3 Qc7 11. Be2 a6 12. f4 cxd4 13. Bxd4 b5 14. Nd5 Nxd5 15. Bxg7 Kxg7 16. Qxd5 Rfc8 17. Rd2 Nf6 18. Qd3 Qa5 19. Kb1 Qc7 20. Bf3 Rab8 21. Re1 Rd8 22. g4 Ne8 23. Red1 Rbc8 24. g5 Qc4 25. h4 Qxd3 26. Rxd3 Rc7 27. e5 Rc4 28. Rd4 Rxd4 29. Rxd4 Nc7 30. Bg4 Ne6 31. Bxe6 fxe6 32. c3 d5 33. Kc2 Rc8 34. Kb3 Kf8 35. Kb4 Ke8 36. Ka5 Rc6 37. a4 bxa4 38. Rxa4 Kd7 39. Rd4 Kc7 40. Rb4 Kc8 41. Rb6 Kc7 42. Rxc6+ Kxc6 43. Kxa6 Kc5 44. b4+ Kc6 45. b5+ Kc7 46. Ka7 1-0

[Event "ENG-ch Senior Over 65"]
[Site "Kenilworth"]
[Date "2025.04.25"]
[Round "2.19"]
[White "Robinson, Steve"]
[Black "Greatorex, Roger"]
[Result "0-1"]
[WhiteElo "1580"]
[BlackElo "1744"]
[PlyCount "66"]
[EventDate "2025.04.24"]
[EventType "swiss"]
[EventRounds "7"]
[EventCountry "ENG"]
[SourceTitle "BritBase"]
[Source "John Saunders"]
[SourceDate "1997.08.31"]
[SourceVersion "1"]
[SourceVersionDate "1997.08.31"]
[SourceQuality "1"]

1. c4 e6 2. Nc3 d5 3. cxd5 exd5 4. g3 Nf6 5. d3 c6 6. Bg2 Be7 7. Qc2 O-O 8. e4 d4 9. Nce2 Na6 10. a3 c5 11. Nf3 Nxe4 12. Nfxd4 Nxf2 13. Kxf2 cxd4 14. b4 Bf6 15. Bb2 Nc7 16. Rhf1 Ne6 17. Kg1 Bg5 18. Bc1 Bxc1 19. Raxc1 Rb8 20. Qb2 Qb6 21. Bh3 Rd8 22. Qb3 Bd7 23. Rc2 Rbc8 24. Rfc1 Rxc2 25. Rxc2 Qd6 26. Bg2 Qa6 27. Bd5 Ba4 28. Qc4 Bxc2 29. Qxc2 Rxd5 30. Nf4 Rd8 31. Nxe6 Qxe6 32. Qc7 Rc8 33. Qxb7 Qh3 0-1

[Event "ENG-ch Senior Over 65"]
[Site "Kenilworth"]
[Date "2025.04.25"]
[Round "2.20"]
[White "Wright, George A"]
[Black "Winter, Kevin"]
[Result "0-1"]
[WhiteElo "1569"]
[BlackElo "1751"]
[PlyCount "98"]
[EventDate "2025.04.24"]
[EventType "swiss"]
[EventRounds "7"]
[EventCountry "ENG"]
[SourceTitle "BritBase"]
[Source "John Saunders"]
[SourceDate "1997.08.31"]
[SourceVersion "1"]
[SourceVersionDate "1997.08.31"]
[SourceQuality "1"]

1. b3 e5 2. Bb2 Nc6 3. e3 Nf6 4. Bb5 Bd6 5. Nf3 e4 6. Nd4 Nxd4 7. Bxd4 c6 8. Be2 O-O 9. Na3 Bxa3 10. O-O d5 11. Rb1 Bd6 12. c4 Qe7 13. cxd5 cxd5 14. f4 Nd7 15. Rc1 b6 16. Bg4 f5 17. Be2 Nf6 18. Rc2 Bb7 19. Qb1 Rac8 20. Rfc1 Rxc2 21. Rxc2 Rc8 22. Bc3 Bb4 23. Bxf6 Qxf6 24. Rxc8+ Bxc8 25. Qc2 Qd8 26. d3 Ba6 27. g3 Qc8 28. Qxc8+ Bxc8 29. dxe4 fxe4 30. Kf2 Bd7 31. Bf1 Kf7 32. h3 Ke7 33. g4 g6 34. Bg2 Kd6 35. Ke2 Bb5+ 36. Kd1 Bd3 37. f5 gxf5 38. g5 Ke7 39. h4 Bc3 40. a4 a5 41. Bh3 Ke6 42. Kc1 Be5 43. h5 Be2 44. h6 Bh5 45. Bf1 Kf7 46. Ba6 Kg6 47. Bb7 d4 48. exd4 Bxd4 49. Kd2 Kxg5 0-1

[Event "ENG-ch Senior Over 65"]
[Site "Kenilworth"]
[Date "2025.04.25"]
[Round "3.1"]
[White "Townsend, M Paul"]
[Black "Moore, John C"]
[Result "1-0"]
[WhiteElo "2149"]
[BlackElo "1938"]
[PlyCount "92"]
[EventDate "2025.04.24"]
[EventType "swiss"]
[EventRounds "7"]
[EventCountry "ENG"]
[SourceTitle "BritBase"]
[Source "John Saunders"]
[SourceDate "1997.08.31"]
[SourceVersion "1"]
[SourceVersionDate "1997.08.31"]
[SourceQuality "1"]

1. c4 e5 2. Nc3 Nf6 3. Nf3 e4 4. Nd4 Nc6 5. e3 Bb4 6. Nxc6 bxc6 7. Qc2 Bxc3 8. Qxc3 a5 9. b3 O-O 10. Bb2 Qe7 11. Be2 a4 12. Rb1 axb3 13. axb3 d6 14. O-O Bd7 15. f3 exf3 16. Rxf3 Ra2 17. Rg3 Qe5 18. Qxe5 dxe5 19. Bxe5 Ne8 20. Bc3 f6 21. Bd3 Nd6 22. Rf1 Ne8 23. Rgf3 Nd6 24. Rf4 Raa8 25. Rd4 Be6 26. Rh4 f5 27. g4 c5 28. gxf5 Nxf5 29. Rhf4 g6 30. Be4 Rab8 31. Bd5 Bxd5 32. cxd5 Rfe8 33. b4 cxb4 34. Bxb4 Re5 35. Rc1 Rb7 36. Rfc4 Nd6 37. Bxd6 cxd6 38. e4 Rb2 39. Rd4 Kf8 40. Kf2 Rh5 41. Kg3 Rb3+ 42. Rc3 Rb1 43. Rc7 Rb3+ 44. d3 Re5 45. Rxh7 Ke8 46. Kf3 Rh5 1-0

[Event "ENG-ch Senior Over 65"]
[Site "Kenilworth"]
[Date "2025.04.25"]
[Round "3.2"]
[White "Jackson, Oliver A"]
[Black "Baker, Chris W"]
[Result "1/2-1/2"]
[WhiteElo "2036"]
[BlackElo "2151"]
[PlyCount "39"]
[EventDate "2025.04.24"]
[EventType "swiss"]
[EventRounds "7"]
[EventCountry "ENG"]
[SourceTitle "BritBase"]
[Source "John Saunders"]
[SourceDate "1997.08.31"]
[SourceVersion "1"]
[SourceVersionDate "1997.08.31"]
[SourceQuality "1"]

1. e4 Nf6 2. Nc3 d5 3. e5 d4 4. Nce2 Ne4 5. d3 Nc5 6. f4 Nc6 7. Ng3 g6 8. Nf3 h5 9. Ne4 Nxe4 10. dxe4 Bg4 11. Bb5 Qd7 12. Qxd4 Nxd4 13. Bxd7+ Bxd7 14. Nxd4 c5 15. Ne2 Bc6 16. Nc3 O-O-O 17. Be3 e6 18. a4 b6 19. O-O Be7 20. Rfd1 1/2-1/2

[Event "ENG-ch Senior Over 65"]
[Site "Kenilworth"]
[Date "2025.04.25"]
[Round "3.3"]
[White "Dilleigh, Stephen P"]
[Black "Littlewood, Paul E"]
[Result "1/2-1/2"]
[WhiteElo "2024"]
[BlackElo "2323"]
[PlyCount "61"]
[EventDate "2025.04.24"]
[EventType "swiss"]
[EventRounds "7"]
[EventCountry "ENG"]
[SourceTitle "BritBase"]
[Source "John Saunders"]
[SourceDate "1997.08.31"]
[SourceVersion "1"]
[SourceVersionDate "1997.08.31"]
[SourceQuality "1"]

1. Nf3 c5 2. c4 Nc6 3. Nc3 Nd4 4. e3 Nxf3+ 5. Qxf3 g6 6. Bd3 Bg7 7. Bc2 a6 8. O-O Rb8 9. d4 b6 10. a4 Nf6 11. d5 d6 12. h3 O-O 13. e4 Bd7 14. Bd3 Ne8 15. Qe2 Nc7 16. Bf4 b5 17. cxb5 axb5 18. axb5 Rb6 19. Ra5 e5 20. Bd2 f5 21. f3 Rb7 22. Rfa1 Qe7 23. Ra7 Rfb8 24. Rxb7 Rxb7 25. Ra5 fxe4 26. fxe4 Bf6 27. Be3 Bg5 28. Bc4 Bxe3+ 29. Qxe3 Kg7 30. b3 Qd8 31. Qd2 1/2-1/2

[Event "ENG-ch Senior Over 65"]
[Site "Kenilworth"]
[Date "2025.04.25"]
[Round "3.4"]
[White "Habershon, Paul F"]
[Black "Moore, Geoffrey R"]
[Result "0-1"]
[WhiteElo "1936"]
[BlackElo "1983"]
[PlyCount "85"]
[EventDate "2025.04.24"]
[EventType "swiss"]
[EventRounds "7"]
[EventCountry "ENG"]
[SourceTitle "BritBase"]
[Source "John Saunders"]
[SourceDate "1997.08.31"]
[SourceVersion "1"]
[SourceVersionDate "1997.08.31"]
[SourceQuality "1"]

1. e4 e6 2. d3 d5 3. Nd2 Nf6 4. g3 c5 5. Bg2 Nc6 6. Ngf3 Be7 7. O-O O-O 8. Re1 Qc7 9. e5 Nd7 10. Qe2 b5 11. Nf1 Bb7 12. h4 Rfc8 13. Bf4 a5 14. N1h2 a4 15. h5 Qd8 16. Qd2 a3 17. b3 c4 18. d4 cxb3 19. axb3 b4 20. Ng4 Ba6 21. Ng5 h6 22. Nf3 Bf8 23. Ne3 Na7 24. g4 Nb5 25. g5 Nc3 26. gxh6 Ne4 27. Qc1 gxh6 28. Bf1 f5 29. exf6 Qxf6 30. Ng4 Qf5 31. Nfh2 Bxf1 32. Rxf1 Qxh5 33. Bxh6 Bxh6 34. Nxh6+ Kh7 35. N6g4 Rg8 36. f3 Nc3 37. Qe3 Rg6 38. Rf2 Kg7 39. Nf1 Rf8 40. Rh2 Qg5 41. Qd3 e5 42. Rg2 Qf4 43. Ng3 0-1

[Event "ENG-ch Senior Over 65"]
[Site "Kenilworth"]
[Date "2025.04.25"]
[Round "3.5"]
[White "Campbell, Ian"]
[Black "De Coverly, Roger D"]
[Result "0-1"]
[WhiteElo "1959"]
[BlackElo "1918"]
[PlyCount "84"]
[EventDate "2025.04.24"]
[EventType "swiss"]
[EventRounds "7"]
[EventCountry "ENG"]
[SourceTitle "BritBase"]
[Source "John Saunders"]
[SourceDate "1997.08.31"]
[SourceVersion "1"]
[SourceVersionDate "1997.08.31"]
[SourceQuality "1"]

1. d4 Nf6 2. Nf3 g6 3. b3 Bg7 4. Bb2 O-O 5. Nbd2 d5 6. e3 b6 7. Be2 Bb7 8. c4 Nbd7 9. O-O c5 10. Re1 cxd4 11. exd4 Rc8 12. Rc1 Re8 13. Ne5 Ne4 14. cxd5 Rxc1 15. Qxc1 Nxd2 16. Qxd2 Bxd5 17. Bb5 Bxe5 18. dxe5 e6 19. Rc1 a6 20. Bxa6 Nc5 21. Bf1 Qa8 22. Bd4 Rd8 23. Bxc5 bxc5 24. Qb2 Qa5 25. h3 Be4 26. f3 Bb7 27. a4 Qb6 28. Bc4 Rd4 29. Qe2 Qd8 30. Qe3 Kg7 31. Kh2 Qa5 32. Rc2 Qc7 33. Re2 h6 34. g3 Bc6 35. Rc2 Qa5 36. h4 Qb4 37. Qe2 Qb7 38. Rc3 Qb4 39. Rd3 Rxd3 40. Qxd3 Qe1 41. Qe2 Qc3 42. g4 Bxf3 0-1